| 000 | 01269nam a22003975a 4500 | ||
|---|---|---|---|
| 001 | 015492020 | ||
| 003 | Uk | ||
| 005 | 20150817093511.0 | ||
| 008 | 110114s2010 MAUa frb 001 0 eng d | ||
| 010 | _a2009022644 | ||
| 015 |
_aGBB113984 _2bnb |
||
| 020 | _a9780070166752 (pbk.) | ||
| 020 | _a9780071078955 | ||
| 020 | _a0071078959 | ||
| 040 |
_aEG-ScBUE _beng _cEG-ScBUE |
||
| 082 | 0 | 4 |
_a331 _bMCC _222 |
| 100 | 1 |
_aMcConnell, Campbell R. _933766 |
|
| 245 | 1 | 0 |
_aContemporary labor economics / _cCampbell R. McConnell, Stanley L. Brue, David A. Macpherson. |
| 250 | _a9th ed. | ||
| 260 |
_aBoston : _bMcGraw-Hill Irwin, _cc2010. |
||
| 300 |
_axvi, 624 p. : _bcol. ill. ; _c23 cm. |
||
| 490 | 0 | _aThe McGraw-Hill series economics | |
| 500 | _aAppendix : p. 567-582. | ||
| 500 | _aGlossary : p.583-597. | ||
| 500 | _aanswer to "your turn" questions: p.598-601. | ||
| 500 | _aIndexes :p.602-624. | ||
| 504 | _aIncludes bibliographical references. | ||
| 590 | _aMenna Elemam | ||
| 650 | 0 |
_aLabor economics. _933767 _2BUEsh |
|
| 650 | 0 |
_aEconomic-- _x history. _2BUEsh |
|
| 651 | _2BUEsh | ||
| 653 |
_bBUSECO _cAugust2015 |
||
| 700 | 1 |
_aBrue, Stanley L., _d1945- _933768 |
|
| 700 | 1 |
_aMacpherson, David A., _d1960- _99270 |
|
| 942 |
_2ddc _cBB _k331 MCC |
||
| 999 |
_c17557 _d17529 |
||